[Event "Titled Tuesday intern op 11th Jul Early"]
[Site "Chess.com INT"]
[Date "2023.07.11"]
[Round "8"]
[White "Shishkov, Andrei"]
[Black "Kucza, Karol"]
[Result "1-0"]
[WhiteElo "2340"]
[BlackElo "2345"]
[PlyCount "129"]
[EventDate "2023.07.11"]
[EventType "swiss (blitz)"]
[EventRounds "11"]
[EventCountry "USA"]
[SourceTitle "EXT 2024"]
[Source "ChessBase"]
[SourceDate "2023.10.10"]
[SourceVersion "1"]
[SourceVersionDate "2023.10.10"]
[SourceQuality "1"]

1. d4 d5 2. c4 c6 3. e3 Nf6 4. Nc3 e6 5. b3 Nbd7 6. Bb2 Bd6 7. Bd3 0-0 8. Nge2 e5 9. cxd5 cxd5 10. dxe5 Nxe5 11. 0-0 Nxd3 12. Qxd3 Bg4 13. h3 Bh5 14. f4 Bxe2 15. Nxe2 Re8 16. Rad1 Bc5 17. Rf3 Qb6 18. Bd4 Rad8 19. Kh2 h6 20. Rg3 Bxd4 21. Qxd4 Qxd4 22. Rxd4 Ne4 23. Rf3 Rc8 24. Rxd5 Rc2 25. Ng3 Nf6 26. Ra5 a6 27. Ra4 g6 28. e4 h5 29. e5 Nd5 30. Rd4 Ne7 31. f5 Rxa2 32. e6 gxf5 33. exf7+ Kxf7 34. Nxf5 Nxf5 35. Rxf5+ Kg6 36. Rc5 Re6 37. Rdd5 h4 38. Rg5+ Kf7 39. Rcf5+ Rf6 40. Rxf6+ Kxf6 41. Rg4 a5 42. Rxh4 Rb2 43. Ra4 b6 44. Ra3 Ke5 45. Kg3 Kd4 46. h4 Kc3 47. h5 Rb1 48. Kg4 Kb2 49. Ra4 Kxb3 50. Rf4 a4 51. Rf3+ Kb4 52. h6 Rd1 53. h7 Rd8 54. Kh5 a3 55. g4 a2 56. Rf1 Rf8 57. Ra1 Kb3 58. g5 Kb2 59. Rxa2+ Kxa2 60. g6 Rf1 61. g7 Rh1+ 62. Kg6 Rg1+ 63. Kf6 Rf1+ 64. Ke5 Re1+ 65. Kd4 1-0

[Event "Titled Tuesday intern op 04th Jul Late"]
[Site "Chess.com INT"]
[Date "2023.07.04"]
[Round "9"]
[White "Balla, Tamas Kristof"]
[Black "Kucza, Karol"]
[Result "0-1"]
[WhiteElo "2303"]
[BlackElo "2345"]
[PlyCount "52"]
[EventDate "2023.07.04"]
[EventType "swiss (blitz)"]
[EventRounds "11"]
[EventCountry "USA"]
[SourceTitle "EXT 2024"]
[Source "ChessBase"]
[SourceDate "2023.10.10"]
[SourceVersion "1"]
[SourceVersionDate "2023.10.10"]
[SourceQuality "1"]

1. e4 e5 2. Nf3 Nc6 3. Bc4 Bc5 4. b4 Bxb4 5. c3 Ba5 6. d4 d6 7. 0-0 Bb6 8. dxe5 dxe5 9. Qb3 Qf6 10. Bd5 Nge7 11. Ba3 Bg4 12. Nbd2 0-0-0 13. c4 Nxd5 14. exd5 Nd4 15. Nxd4 Bxd4 16. Rab1 b6 17. c5 Qg6 18. c6 Kb8 19. Nc4 Be2 20. Rfc1 Bd3 21. Qb5 Be4 22. g3 Bxd5 23. Na5 Qe4 24. Kf1 Qg2+ 25. Ke1 Qxf2+ 26. Kd1 Bf3+ 0-1

[Event "Titled Tuesday intern op 04th Jul Early"]
[Site "Chess.com INT"]
[Date "2023.07.04"]
[Round "7"]
[White "Belov, Alexei"]
[Black "Kucza, Karol"]
[Result "0-1"]
[WhiteElo "2421"]
[BlackElo "2345"]
[PlyCount "66"]
[EventDate "2023.07.04"]
[EventType "swiss (blitz)"]
[EventRounds "11"]
[EventCountry "USA"]
[SourceTitle "EXT 2024"]
[Source "ChessBase"]
[SourceDate "2023.10.10"]
[SourceVersion "1"]
[SourceVersionDate "2023.10.10"]
[SourceQuality "1"]

1. e4 e5 2. Nf3 Nc6 3. Bb5 a6 4. Ba4 Nf6 5. d4 exd4 6. 0-0 Be7 7. e5 Ne4 8. Nxd4 Nxd4 9. Qxd4 Nc5 10. Nc3 Nxa4 11. Qxa4 0-0 12. Nd5 d6 13. Nxe7+ Qxe7 14. exd6 Qxd6 15. Bf4 Qb6 16. Qb3 Be6 17. Qxb6 cxb6 18. Rfd1 Rac8 19. c3 b5 20. Rd4 Rfd8 21. Be3 Rxd4 22. Bxd4 Bd5 23. b3 Re8 24. Be3 Rc8 25. Rd1 Be6 26. Rd6 h6 27. Bd4 Kf8 28. f3 Rc7 29. Rd8+ Ke7 30. Rg8 g6 31. Kf2 h5 32. h3 Rc8 33. g4 Rxg8 0-1